Catalog

Record Details

Catalog Search



Social Network Data Analytics Cover Image E-book E-book

Social Network Data Analytics [electronic resource] / edited by Charu C. Aggarwal.

Electronic resources


LDR 01503nam a22004215i 4500
0013936
003CONS
00520121024175437.0
007cr nn 008mamaa
008110316s2011 xxu| s |||| 0|eng d
020 . ‡a9781441984623 ‡9978-1-4419-8462-3
0247 . ‡a10.1007/978-1-4419-8462-3 ‡2doi
035 . ‡a(DE-He213)978-1-4419-8462-3
050 4. ‡aQA76.76.A65
072 7. ‡aUNH ‡2bicssc
072 7. ‡aUDBD ‡2bicssc
072 7. ‡aCOM032000 ‡2bisacsh
1001 . ‡aAggarwal, Charu C.
24510. ‡aSocial Network Data Analytics ‡h[electronic resource] / ‡cedited by Charu C. Aggarwal.
250 . ‡a1.
260 . ‡aBoston, MA : ‡bSpringer US, ‡c2011.
300 . ‡aXIV, 502p. 100 illus., 50 illus. in color. ‡bdigital.
650 0. ‡aComputer science.
650 0. ‡aComputer network architectures.
650 0. ‡aDatabase management.
650 0. ‡aInformation systems.
650 0. ‡aSocial sciences ‡xData processing.
650 0. ‡aInformation Systems.
65014. ‡aComputer Science.
65024. ‡aInformation Systems Applications (incl.Internet).
65024. ‡aDatabase Management.
65024. ‡aManagement of Computing and Information Systems.
65024. ‡aComputer Systems Organization and Communication Networks.
65024. ‡aComputer Appl. in Social and Behavioral Sciences.
7102 . ‡aSpringerLink (Online service)
7730 . ‡tSpringer eBooks
77608. ‡iPrinted edition: ‡z9781441984616
85640. ‡uhttp://dx.doi.org/10.1007/978-1-4419-8462-3 ‡9CONS
950 . ‡aComputer Science (Springer-11645)
901 . ‡a3936 ‡b ‡c3936 ‡tbiblio ‡sSystem Local

Additional Resources